British shopping centre development : master list summary (Record no. 101495)

MARC details
000 -LEADER
fixed length control field 00773cam a2200241 4500
008 - FIXED-LENGTH DATA ELEMENTS--GENERAL INFORMATION
fixed length control field 000000n2001 000 0 eng u
035 ## - SYSTEM CONTROL NUMBER
System control number (Sirsi) u113002
050 ## - LIBRARY OF CONGRESS CALL NUMBER
Classification number 711.552
110 ## - MAIN ENTRY--CORPORATE NAME
Corporate name or jurisdiction name as entry element CB Hillier Parker
9 (RLIN) 3660
245 ## - TITLE STATEMENT
Title British shopping centre development : master list summary
260 ## - PUBLICATION, DISTRIBUTION, ETC.
Place of publication, distribution, etc. London
Name of publisher, distributor, etc. CB Hillier Parker
Date of publication, distribution, etc. 2001
300 ## - PHYSICAL DESCRIPTION
Extent 6p. ; 30cm.
520 ## - SUMMARY, ETC.
Summary, etc. Available on the CB Hillier Parker Website http://www.cbhillierparker.com
650 ## - SUBJECT ADDED ENTRY--TOPICAL TERM
Topical term or geographic name entry element SHOPPING CENTRES
650 ## - SUBJECT ADDED ENTRY--TOPICAL TERM
Topical term or geographic name entry element RETAIL PROPERTY
650 ## - SUBJECT ADDED ENTRY--TOPICAL TERM
Topical term or geographic name entry element FLOORSPACE
650 ## - SUBJECT ADDED ENTRY--TOPICAL TERM
Topical term or geographic name entry element OUT-OF-TOWN-SHOPPING
650 ## - SUBJECT ADDED ENTRY--TOPICAL TERM
Topical term or geographic name entry element FACTORY OUTLETS
650 ## - SUBJECT ADDED ENTRY--TOPICAL TERM
Topical term or geographic name entry element RETAIL WAREHOUSE PARKS
690 ## - LOCAL SUBJECT ADDED ENTRY--TOPICAL TERM (OCLC, RLIN)
Topical term or geographic name as entry element PROPERTY-COMMERCIAL PROPERTY-RETAIL PROPERTY
856 ## - ELECTRONIC LOCATION AND ACCESS
Uniform Resource Identifier <a href="https://www.cbhillierparker.com">https://www.cbhillierparker.com</a>
942 ## - ADDED ENTRY ELEMENTS (KOHA)
Suppress in OPAC 0
Holdings
Withdrawn status Lost status Source of classification or shelving scheme Damaged status Not for loan Home library Current library Shelving location Date acquired Total Checkouts Full call number Barcode Date last seen Date last checked out Copy number Price effective from Koha item type
    Dewey Decimal Classification     London London Property market reports 08/06/2001 3 PROPERTY MARKET REPORTS 30064555 06/08/2019 04/08/2004 1 06/08/2019 Book